| 000 | 00367nam a2200121Ia 4500 | ||
|---|---|---|---|
| 005 | 20251222141937.0 | ||
| 008 | 251222s9999||||xx |||||||||||||| ||spa|| | ||
| 082 | _a346.068.5/C517 | ||
| 100 | _aChanduví Cornejo, Víctor Hugo | ||
| 245 | 0 | _aDerecho Indiano y Legislación Societaria Peruana | |
| 264 | _bFondo Editoriao Universidad Privada Antenor Orrego | ||
| 942 | _cLIB | ||
| 999 |
_c9238 _d9238 |
||